KPOP Guess The JYP Group Members - Statistics

General Stats
  • This quiz has been taken 236 times
  • The average score is 36 of 87
Answer Stats
Hint Answer % Correct
StrayKids Felix
98%
StrayKids Bangchan
96%
StrayKids Hyunjin
96%
StrayKids Changbin
95%
StrayKids Han
95%
Xdinary Heroes Jun Han
95%
StrayKids Leeknow
95%
StrayKids IN
94%
Twice Momo
93%
Miss A Min
90%
Twice Sana
90%
Twice Tzuyu
90%
Itzy Yeji
90%
Itzy Lia
89%
Twice Jihyo
88%
Twice Nayeon
88%
StrayKids Seungmin
88%
Itzy Ryujin
87%
Itzy Yuna
87%
Twice Chaeyoung
85%
Twice Mina
85%
NMIXX Lily
84%
Twice Dahyun
82%
Day6 Young k
82%
Itzy Chaeryeong
80%
Twice Jeongyeon
80%
NMIXX Bae
69%
NMIXX Haewon
65%
Got7 Jackson
65%
NMIXX Sullyoon
64%
NMIXX Kyujin
62%
NMIXX Jiwoo
61%
Got7 Bambam
60%
Got7 Mark
48%
Vcha Kaylee
36%
Got7 Jinyoung
35%
Got7 Yugyeom
35%
Miss A Suzy
33%
Day6 Jae
32%
Got7 JB
32%
Day6 Wonpil
31%
Got7 Youngjae
31%
Vcha KG
27%
Vcha Savanna
26%
Vcha Lexi
25%
Xdinary Heroes O.de
25%
Wonder Girls Sunmi
25%
Vcha Camila
23%
Xdinary Heroes Gaon
23%
Xdinary Heroes Gunil
23%
Vcha Kendall
23%
Xdinary Heroes Jooyeon
22%
2PM Junho
20%
Day6 Dowoon
19%
Day6 Sungjin
19%
2PM Taecyeon
19%
Xdinary Heroes Jungsu
16%
Miss A Fei
15%
NiziU Nina
14%
2PM Jay Park
13%
Miss A Jia
13%
2PM Wooyoung
13%
NiziU Maya
12%
NiziU Rio
11%
NiziU Mako
10%
2PM Nichkhun
10%
NiziU Ayaka
9%
2PM Chansung
9%
NiziU Miihi
9%
NiziU Riku
9%
NiziU Rima
9%
NiziU Mayuka
8%
Boy Story Xinlong
7%
Wonder Girls Yeeun
7%
Wonder Girls Yubin
6%
Boy Story Zihao
6%
2AM Changmin
5%
Boy Story Hanyu
5%
Boy Story Mingrui
5%
Boy Story Shuyang
5%
Boy Story Zeyu
5%
2AM Jinwoon
4%
2AM JoKwon
4%
2PM Junsu
4%
2AM Seulong
4%
Wonder Girls Hyelim
3%
Day6 Junkyeok
0%
No matching quizzes found
Score Distribution
Percent of People with Each Score
Percentile by Number Answered
Your Score History
You have not taken this quiz